Musical Acts by State - Wyoming - Statistics

General Stats
  • This quiz has been taken 9 times
  • The average score is 2 of 30
Answer Stats
City/Town Songs Answer % Correct
Sheridan Horses Are Faster | Long Haul Ian Munsick
33%
Kaycee Forever A Cowboy | Some People Do Ned LeDoux
33%
Buffalo Gettin' Western | New Boot Goofin’ Ryan Charles
33%
Laramie Beggin' You | You Never Said Jaren
17%
Casper I Like The Wide Open Spaces | Sure Fire Kisses Laurie Anders
17%
Laramie Skate Or Die | Bigger Than Kiss Teenage Bottlerocket
17%
Saratoga As Soon As Winter Comes | The Long It Takes The Bird and the Bear
17%
Jackson Running Wild | Down By The River WYO
17%
Laramie Where You Been | When You Move On 10 Cent Stranger
0%
Moorcroft Rodeo Cold Beer | Fastests Gun In Town Chancey Williams
0%
Saratoga Ol' Cowpuncher | A Cowboy's Day Daron Little
0%
Cheyenne Lost In The Crowd | Stop First Decree
0%
Laramie/Cheyenne Broken Lines | Long Lost Foreverlin
0%
Laramie I Want To Hang Out With You | Step On 'Em All Human Robots
0%
Ten Sleep Moonshiner | Big Horn Mountain Blues Jalan Crossland
0%
Pinedale Moonshine Love | Busy Breakin' Bones Jared Rogerson
0%
Cody I Miss You, I Do | Rodeo Town Kalyn Beasley
0%
Gillette Pinebox Jim | Cheatgrass & Clover Kellen Smith
0%
Evanston Alleluia | If You Could Hie To Kolob Kirby Heyborne
0%
Cody (Born In Kentucky) Where Ya Been | Sometimes Luke Bell
0%
Cheyenne Heart Of War | Right Here And Now Message from Sylvia
0%
Laramie When You're Around | Crawl Not My Weekend
0%
Powell/Cody War Is Killing Us All | Kill The Lights Righteous Vendetta
0%
Laramie When You Call | Don't Call Me Baby Shawn Hess
0%
Casper Thief In The Night | Ghost Train Spencer Bohren
0%
Newcastle Black Hole In My Mind | All I Hear Is Static The Lillingtons
0%
Sheridan Good Horses, Whiskey, And You | Kiss In The Rain The Munsick Boys
0%
Laramie Wyoming Is For Lovers | You Break It, You Buy It The Patti Fiasco
0%
Sheridan Lost In This Canyon | Wild Wyoming The Two Tracks
0%
Sheridan Palomino | Heart Of A Fighter Tris Munsick & the Innocents
0%
No matching quizzes found
Score Distribution
Percent of People with Each Score
Percentile by Number Answered
Your Score History
You have not taken this quiz